| 000 | 00545nam a2200169 i 4500 | ||
|---|---|---|---|
| 001 | 71678 | ||
| 003 | ES-MaACL | ||
| 005 | 20230906171210.0 | ||
| 007 | t| | ||
| 008 | 040817s1960 sp ||||1| spa d | ||
| 100 | 1 |
_aGerlach, Heinrich. _956456 |
|
| 245 | 1 | 3 |
_aEl ejército traicionado _b: Stalingrado, 1942-1943 / _cHeinrich Gerlach ; [traducción de Manuel Entenza]. |
| 260 |
_aBarcelona : _bNoguer, _c[1960] ( _fNúñez) |
||
| 300 |
_a560 p. : _bgráf. ; _c22 cm. |
||
| 700 | 1 |
_aEntenza, Manuel. _947304 |
|
| 852 |
_aES-MaACL _jC-17989 _bR.46056 |
||
| 999 |
_c71678 _d71678 |
||